| 000 | 01712cam a22004577a 4500 | ||
|---|---|---|---|
| 001 | 000092899 | ||
| 003 | CHAP | ||
| 005 | 20220329142910.0 | ||
| 008 | 050121d2004 mx a r 00110 spa d | ||
| 010 | _a89365 | ||
| 011 | _a90337 | ||
| 035 | _a100893 | ||
| 040 | _cCHAP | ||
| 090 | _aTesis | ||
| 100 | 0 |
_aLópez Hernández, José Rudier. _967971 |
|
| 245 | 1 | 3 |
_aLa cosmovisión indígena tzotzil y tzeltal a través de la relación salud-enfermedad en el contexto de la medicina tradicional indígena / _c/por José Rudier López Hernández. |
| 260 |
_aChapingo, Méx. : _bEl autor, _c2004. |
||
| 300 |
_a108 h. : _bilus. |
||
| 502 | _aTesis (Ing. Agr. Esp. en Sociología Rural) - - UACH. Departamento de Sociología Rural | ||
| 590 |
_aALEPH _b10 _c20130110 _lUCH01 _h1503 |
||
| 590 |
_aBATCH-UPD _b10 _c20130110 _lUCH01 _h0220 |
||
| 590 |
_aBATCH-UPD _b10 _c20130110 _lUCH01 _h0905 |
||
| 590 |
_aBATCH-UPD _b10 _c20130409 _lUCH01 _h2240 |
||
| 590 |
_aBATCH-UPD _b10 _c20130914 _lUCH01 _h1631 |
||
| 590 |
_aBATCH-UPD _b10 _c20140324 _lUCH01 _h1448 |
||
| 590 |
_aBATCH-UPD _b10 _c20141002 _lUCH01 _h0824 |
||
| 590 |
_aCONVERSION _b10 _c20130109 _lUCH01 _h1349 |
||
| 590 |
_aE792CSJ _b10 _c20130628 _lUCH01 _h1443 |
||
| 650 | 1 | 4 |
_aIndios de Chiapas. _957593 |
| 650 | 1 | 4 |
_aIndios de México _xMedicina. _957633 |
| 650 | 1 | 4 |
_aMayas _xCultura. _973214 |
| 650 | 1 | 4 |
_aMedicina tradicional. _973921 |
| 650 | 1 | 4 |
_aMedicina y religión. _973923 |
| 856 |
_3Finding aid _uhttp://10.13.5.2/tesis/100893.pdf _zTeclea aquí |
||
| 901 | _aBK | ||
| 905 | _aLIlia | ||
| 942 | _cCD | ||
| 942 | _n0 | ||
| 949 |
_aTesis _bBC _cTES _d100893 _eTS1 _h43262 _i100893 _sb |
||
| 949 |
_aTesis _bBC _cTES _d33724000932273 _eTS2 _fc.2 _h43263 _i100893 _si |
||
| 999 |
_c89365 _d89365 |
||